书目信息 |
| 题名: |
俾斯麦传
|
|
| 作者: | 帕尔默 , Palmer 著 ;张根生 , 高年生 译 | |
| 分册: | ||
| 出版信息: | 北京 商务印书馆 1982 |
|
| 页数: | 363页 | |
| 开本: | 21cm | |
| 丛书名: | ||
| 单 册: | ||
| 中图分类: | K835.167.4 | |
| 科图分类: | ||
| 主题词: | ||
| 电子资源: | ||
| ISBN: | 11017.554 | |
| 000 | 00933nam0 2200301 450 | |
| 001 | 0182000707 | |
| 005 | 20100712220148.0 | |
| 010 | @a11017.554@dCNY1.55 | |
| 091 | @a11017.554 | |
| 100 | @a19950421d1982 em y0chiy0110 ea | |
| 101 | 1 | @achi@ceng |
| 102 | @aCN@b110000 | |
| 105 | @ay z 000yb | |
| 106 | @ar | |
| 200 | 1 | @a俾斯麦传@9Bi Si Mai Chuan;Zhuan @f(英)艾伦·帕尔默(A. Palmer)著@g高年生,张连根译 |
| 210 | @a北京@c商务印书馆@d1982 | |
| 215 | @a363页@d21cm | |
| 300 | @a书名原文:Bismarck | |
| 510 | 1 | @aBismarck@zeng |
| 600 | 1 | @a俾斯麦@c(Bismarck, Otto von@f1815~1898)@x传记 |
| 600 | 1 | @2CT@3S003468@a俾斯麦@c(Bismarck, Otto von@f1815~1898) |
| 690 | @aK835.167.4@v3 | |
| 701 | 1 | @a帕尔默@9pa er mo@b艾伦@4著 |
| 701 | 1 | @aPalmer@bA.@4著 |
| 702 | 0 | @a张根生@9zhang gen sheng@4译 |
| 702 | 0 | @a高年生@9gao nian sheng@4译 |
| 801 | 0 | @aCN@b91MARC@c20130904 |
| 905 | @aBZT@dK835.167.4@e1@f1@sK835.167.4/1 | |
| 俾斯麦传/(英)艾伦·帕尔默(A. Palmer)著/高年生,张连根译.-北京:商务印书馆,1982 |
| 363页;21cm |
| 书名原文:Bismarck |
| ISBN 11017.554:CNY1.55 |
| ● |
| 相关链接 |
|
|
|
正题名:俾斯麦传
索取号:K835.167.4/1
 
预约/预借
| 序号 | 登录号 | 条形码 | 馆藏地/架位号 | 状态 | 备注 |
| 1 | 2000143329 | 2000143329 | 旧书回溯/ [索取号:K835.167.4/1] | 在馆 |